[Event "Wellington CC Summer Cup"]
[Site "Wellington"]
[Date "2016.02.18"]
[Round "5"]
[White "Forlong Ford, Colwyn"]
[Black "Asher, Bruce"]
[Result "1-0"]
[WhiteElo "1536"]
[BlackElo "1419"]
[PlyCount "51"]
[EventDate "2016.01.21"]
[EventType "swiss"]
[EventRounds "8"]
[EventCountry "NZL"]
[SourceTitle "EXT 2018"]
[Source "ChessBase"]
[SourceDate "2017.10.13"]
[SourceVersion "1"]
[SourceVersionDate "2017.10.13"]
[SourceQuality "1"]

1. e4 e5 2. Nf3 Nc6 3. Bc4 Bc5 4. d3 Nf6 5. Bg5 h6 6. Bh4 0-0 7. Nc3 d6 8. Nd5 g5 9. Bg3 Ng4 10. c3 Na5 11. Qa4 Nxc4 12. Qxc4 Be6 13. h3 c6 14. hxg4 cxd5 15. exd5 Bxg4 16. Qxg4 Qf6 17. 0-0-0 Rfe8 18. Rh5 Qg6 19. Rdh1 Kh7 20. Nxg5+ Kg7 21. Rxh6 Qxh6 22. Rxh6 Kxh6 23. Nxf7+ Kh7 24. Bh4 Rf8 25. Qf5+ Kg8 26. Qg6# 1-0

[Event "Wellington CC Summer Cup"]
[Site "Wellington"]
[Date "2016.02.11"]
[Round "4"]
[White "Asher, Bruce"]
[Black "Zhao, Aiden Tyler"]
[Result "0-1"]
[WhiteElo "1419"]
[BlackElo "1103"]
[PlyCount "82"]
[EventDate "2016.01.21"]
[EventType "swiss"]
[EventRounds "8"]
[EventCountry "NZL"]
[SourceTitle "EXT 2018"]
[Source "ChessBase"]
[SourceDate "2017.10.13"]
[SourceVersion "1"]
[SourceVersionDate "2017.10.13"]
[SourceQuality "1"]

1. e4 e5 2. Nf3 Nc6 3. Bc4 Bc5 4. Nc3 Nf6 5. d3 h6 6. 0-0 0-0 7. h3 d6 8. a4 Be6 9. Be3 Bb4 10. d4 Bxc4 11. d5 Bxf1 12. Qxf1 Ne7 13. Qc4 Bxc3 14. bxc3 Ng6 15. Rb1 b6 16. Rb4 a5 17. Rb5 Rb8 18. Qd3 Re8 19. c4 Nf4 20. Qb3 Nxe4 21. Bc1 Ne2+ 22. Kf1 Nxc1 23. Qe3 Nc5 24. Qxc1 Nxa4 25. Qa3 Nc5 26. Rb1 e4 27. Nd4 Qf6 28. Nc6 e3 29. Kg1 Qxf2+ 30. Kh2 Rbc8 31. Qa1 e2 32. Re1 Qf4+ 33. Kg1 Qxc4 34. Na7 Ra8 35. Nc6 Qxc2 36. Nd4 Qd2 37. Nf3 Qe3+ 38. Kh2 Nd3 39. Rb1 e1R 40. Nxe1 Nxe1 41. g4 Qf2+ 0-1